| 000 | 00947cam a2200289 i 4500 | ||
|---|---|---|---|
| 001 | 375940 | ||
| 003 | PILC | ||
| 005 | 20150901083133.0 | ||
| 008 | 781024s1979 nyua j 001 0 eng | ||
| 010 | _a 78024378 | ||
| 020 | _z0698306929 | ||
| 020 |
_a0698204824 : _c$6.95 |
||
| 040 |
_aDLC _cDLC _dDLC |
||
| 043 | _an-usn-- | ||
| 050 | 0 | 0 |
_aSF 375.4.N33 _b.W913 1976 |
| 082 | 0 | 0 | _a338.1/7/6300974 |
| 245 | 1 | 0 | _aWool gathering / |
| 260 |
_aAustralia : _bHamilton Spectator Print, _c1976. |
||
| 300 |
_a87 pages : _billustrations ; _c24 cm. |
||
| 520 | _aDescribes sheep-raising and the wool industry in colonial and 19th-century New England. Includes a discussion of the production of woolen yarn and cloth. | ||
| 650 | 0 |
_aWool _xJuvenile literature. |
|
| 650 | 1 |
_aSheep _zNew England _xHistory. |
|
| 650 | 1 |
_aWool industry _xHistory. |
|
| 650 | 1 | _aWool. | |
| 906 |
_a7 _bcbc _corignew _d1 _eocip _f19 _gy-gencatlg |
||
| 942 |
_2lcc _cBK _kFOR |
||
| 999 |
_c288565 _d288565 |
||